Statistics for Central American Countries - Ultimate Geography Quiz

Click here to take the quiz!

General Stats

  • This quiz has been taken 82 times
  • The average score is 84 of 120

Answer Stats

ANSWER% Correct
Belize (18°29'N)
97%
Panama (09°38'N)
91%
Guatemala (17°15'N [12])
89%
Honduras (17°24′38″N)
89%
Costa Rica (11º13'N)
87%
El Salvador (14°26'N)
87%
Nicaragua (15°01'N)
87%
Bahamas (27°16'N)
83%
Belize (15°53'N)
83%
Costa Rica (08°02'N)
83%
El Salvador (13°09'N)
83%
Guatemala (13°44'N)
83%
Honduras (12°59'N)
83%
Nicaragua (10°43'N)
83%
Panama (07°11'N)
83%
Cuba (23°16'N)
81%
Haiti (20°04'N)
81%
Trinidad and Tobago (11º21'N)
81%
Jamaica (18°31'N)
80%
Barbados (13°20'N)
79%
Belize (89°12'W)
79%
Costa Rica (85°55'W)
79%
Dominica (15°38'N)
79%
Dominican Republic (19°55'N)
79%
El Salvador (90°15'W)
79%
Guatemala (92°15'W)
79%
Honduras (88°43'W)
79%
Nicaragua (87°40'W)
79%
Panama (83°04'W)
79%
Antigua and Barbuda (17°44'N)
77%
Grenada (12°31'N)
77%
Saint Kitts and Nevis (17°26'N)
77%
Saint Lucia (14°07'N)
77%
Saint Vincent and the Grenadines (13°22'N)
77%
Trinidad and Tobago (10°02'N)
76%
Costa Rica (82°30'W)
74%
Honduras (83°35'W)
74%
Nicaragua (82°46'W)
74%
Panama (77°09'W)
74%
Belize (87°35'W)
73%
El Salvador (87°42'W)
73%
Grenada (11°59'N)
73%
Guatemala (88°15'W)
73%
Saint Vincent and the Grenadines (12°32'N)
73%
Bahamas (20°55'N)
71%
Barbados (13°02'N)
71%
Belize (22,966 km2)
71%
Costa Rica (51,100 km2)
71%
Cuba (19°50'N)
71%
Dominica (15°12'N)
71%
El Salvador (21,041 km2)
71%
Guatemala (108,889 km2)
71%
Haiti (18°01'N)
71%
Honduras (112,492 km2)
71%
Nicaragua (130,373 km2)
71%
Panama (75,417 km2)
71%
Saint Lucia (13°42'N)
71%
Antigua and Barbuda (16°55'N)
70%
Bahamas (79°15'W)
70%
Cuba (84°58'W)
70%
Dominican Republic (17°28'N)
70%
Dominican Republic (72°00'W)
70%
Haiti (74°28'W)
70%
Jamaica (17°42'N)
70%
Jamaica (76°22'W)
70%
Saint Kitts and Nevis (17°06'N)
70%
Saint Kitts and Nevis (62°51'W)
69%
Cuba (109,884 km2)
67%
Trinidad and Tobago (61°56'W)
67%
Antigua and Barbuda (61°55'W)
66%
Bahamas (72°45'W)
66%
Costa Rica (3820 m)
66%
Cuba (74°08'W)
66%
Dominica (61°30'W)
66%
Dominican Republic (48,671 km2)
66%
Dominican Republic (68°20'W)
66%
El Salvador (2730 m)
66%
Grenada (61°48'W)
66%
Guatemala (4220 m)
66%
Haiti (71°38'W)
66%
Honduras (2870 m)
66%
Jamaica (10,991 km2)
66%
Jamaica (76°12'W)
66%
Panama (3475 m)
66%
Saint Lucia (61°04'W)
66%
Saint Vincent and the Grenadines (61°26'W)
66%
Trinidad and Tobago (60°31'W)
66%
Antigua and Barbuda (61°40'W)
64%
Barbados (59°26'W)
64%
Barbados (59°40'W)
64%
Dominica (61°15'W)
64%
Grenada (61°23'W)
64%
Haiti (27,750 km2)
64%
Saint Kitts and Nevis (62°31'W)
64%
Saint Lucia (60°54'W)
64%
Saint Lucia (616 km2)
64%
Saint Vincent and the Grenadines (61°08'W)
64%
Trinidad and Tobago (5,130 km2)
64%
Antigua and Barbuda (442 km2)
63%
Bahamas (13,943 km2)
63%
Belize (1124 m)
63%
Dominica (751 km2)
63%
Grenada (344 km2)
63%
Nicaragua (2107 m)
63%
Saint Kitts and Nevis (261 km2)
63%
Saint Vincent and the Grenadines (389 km2)
63%
Barbados (430 km2)
61%
Cuba (1974 m)
54%
Dominica (1447 m)
54%
Haiti (2680 m)
54%
Dominican Republic (3098 m)
53%
Grenada (840 m)
53%
Jamaica (2256 m)
53%
Saint Vincent and the Grenadines (1234 m)
53%
Antigua and Barbuda (402 m)
51%
Bahamas (63 m)
51%
Barbados (336 m)
51%
Saint Kitts and Nevis (1156 m)
51%
Saint Lucia (950 m)
51%
Trinidad and Tobago (940 m)
51%

Score Distribution

Percentile by Number Answered

Percent of People with Each Score

Your Score History

You have not taken this quiz